000 00499nam a2200145Ia 4500
008 100122s9999 xx 000 0 und d
082 _b45840
_a920
100 _aदेवळे शं रा
245 _aअसा इतिहास अशी माणसे
260 _bपृथ्वी प्रकाशन
_c1988
300 _a94
630 _aअसा इतिहास अशी माणसे
730 _aअसा इतिहास अशी माणसे
942 _cBOOK
999 _c425160
_d425157